Leader xxxxxxxxxx
001 __ PCLIS00044905
005 __ 19960108113628.0008
010 0_ |a957-33-1270-0|b平裝|d新臺幣160元
020 __ |acw|b84012998
042 __ |anbi9703cas
042 __ |anbi9703cas
042 __ |anbi9801aas
042 __ |anbi10012b
090 __ |a(nbi)b22057225
100 __ |a19951205d1995 0chib0109 e
101 0_ |achi
102 __ |atw
105 __ |aa z 000yy
200 1_ |a我的男人是爬蟲類|e|f張曼娟作
205 __ |a初版
210 __ |a臺北市|c皇冠|d民84
215 0_ |a246面|c|d21公分
225 1_ |a皇冠叢書|v第2585種
225 1_ |a張曼娟作品|v8
300 __ |a
681 __ |a857.7
687 __ |a857.7|b4485-Ⅷ|dCCH
700 _1 |a張|b曼娟|f1961-|4作|3NO000235402
702 __ |a|b|4
801 _0 |acw|bCCU|c19960308|gCCR
856 __ |uhttp://www.crown.com.tw/|z皇冠文化集團|2http
|